=LDR 00000nam 2200000 4500 =001 INLIS000000000033245 =005 20130612135218 =008 ***********************************ind** =035 ##$$0010-061300000033245 =041 ##$$a ind =082 ##$$a 350 =090 ##$$a 350, Aka,t =100 ##$$a Akadun =245 ##$$a Teknologi Informasi Administrasi, Akadun =260 ##$$a 2009 $b Bandung =300 ##$$a v,170 hlm., Illus, 23 cm =650 ##$$a Administrasi Negara =850 ##$$a NBPNMAT =990 ##$$a 0001/BPAP-NTB/2016 =990 ##$$a 05480548 =990 ##$$a 01201900548 =990 ##$$a 0001/BPAP-NTB/2016